MARC

LEADER 00000nam0a2200000 4500
001 316069
005 20231102002834.0
035 |a (RuTPU)RU\TPU\book\341506 
090 |a 316069 
100 |a 20160314d1974 km y0rusy50 ca 
101 0 |a rus 
102 |a RU 
105 |a a z 000zy 
200 1 |a Письма из Сибири  |e сборник  |f сост. А. А. Лиханов 
210 |a Москва  |c Советская Россия  |d 1974 
215 |a 287 с.  |c ил. 
606 1 |a Сибирь  |x История  |x Источники  |2 stltpush  |3 (RuTPU)RU\TPU\subj\74423  |9 86709 
610 1 |a письма 
610 1 |a дневники 
610 1 |a документы 
610 1 |a исторические источники 
610 1 |a 20 век 
610 1 |a большевики 
610 1 |a ссылка 
610 1 |a революционное движение 
610 1 |a Гражданская война 1918-1921 
610 1 |a социалистическое строительство 
686 |a Т3(253)ю  |v LBC/SL-A  |2 rubbk 
702 1 |a Лиханов  |b А. А.  |g Альберт Анатольевич  |4 220 
801 1 |a RU  |b 63413507  |c 20160314 
801 2 |a RU  |b 63413507  |c 20180906  |g RCR 
942 |c BK